[Event "GER-ch Amateurs"]
[Site "Bad Wildungen"]
[Date "2024.??.??"]
[Round "3"]
[White "Schuetz, Markus"]
[Black "Heutling, Thomas"]
[Result "1/2-1/2"]
[WhiteElo "1512"]
[BlackElo "1633"]
[PlyCount "111"]
[EventDate "2024.08.03"]
[EventType "swiss"]
[EventRounds "5"]
[EventCountry "GER"]
[SourceTitle "CBM 221 Extra"]
[Source "ChessBase"]
[SourceDate "2024.09.30"]
[SourceVersion "1"]
[SourceVersionDate "2024.09.30"]
[SourceQuality "1"]

1. d4 Nf6 2. c4 d6 3. Nc3 Nbd7 4. e4 e5 5. d5 c6 6. Bd3 Be7 7. Nge2 Nc5 8. Be3 Nxd3+ 9. Qxd3 0-0 10. 0-0 Ng4 11. Bd2 f5 12. f3 Qb6+ 13. Kh1 Nf2+ 14. Rxf2 Qxf2 15. Be3 Qh4 16. Rf1 f4 17. Bd2 Rf6 18. Be1 Qh5 19. g4 fxg3 20. Bxg3 Bh3 21. Rf2 Raf8 22. Ng1 Rg6 23. Nce2 Bd7 24. f4 Rxg3 25. Nxg3 Qg4 26. Qf1 exf4 27. N3e2 Bg5 28. Nf3 Bh6 29. Rg2 Qh5 30. Neg1 g5 31. Qe1 g4 32. Qh4 Qxh4 33. Nxh4 Kh8 34. h3 gxh3 35. Rf2 Bg5 36. Nhf3 Bf6 37. Kh2 c5 38. Nxh3 Bxh3 39. Kxh3 Rg8 40. b3 Rg3+ 41. Kh2 Kg7 42. Rg2 Rxg2+ 43. Kxg2 h5 44. Kh3 a5 45. Ne1 Kg6 46. Nf3 b6 47. Ne1 Bg5 48. Nf3 Kf6 49. Kg2 Kg6 50. Kh3 Bf6 51. Kg2 h4 52. Kh3 Kh5 53. Ne1 Bd8 54. Nf3 b5 55. Nd2 a4 56. b4 1/2-1/2

[Event "Sachsen-Anhalt-ch op"]
[Site "Magdeburg"]
[Date "2021.10.29"]
[Round "4"]
[White "Paul, Andre David"]
[Black "Heutling, Thomas"]
[Result "1-0"]
[WhiteElo "1675"]
[BlackElo "1367"]
[PlyCount "115"]
[EventDate "2021.10.28"]
[EventType "swiss"]
[EventRounds "7"]
[EventCountry "GER"]
[SourceTitle "CBM 205 Extra"]
[Source "ChessBase"]
[SourceDate "2022.01.31"]
[SourceVersion "1"]
[SourceVersionDate "2022.01.31"]
[SourceQuality "1"]

1. d4 d6 2. c4 Nf6 3. Nc3 Nbd7 4. Nf3 e5 5. e3 Be7 6. Be2 c6 7. 0-0 Qc7 8. b3 h6 9. Bb2 0-0 10. Rc1 Re8 11. a3 e4 12. Nd2 Bd8 13. Qc2 d5 14. cxd5 cxd5 15. Nb5 Qxc2 16. Rxc2 Re6 17. Rfc1 Nb6 18. a4 a5 19. Ba3 Bd7 20. Nb1 Rc6 21. Bc5 h5 22. N1a3 g5 23. Nd6 Kg7 24. Bb5 Rc7 25. Bxd7 Rxd7 26. Nab5 Kg6 27. Ba3 Ng4 28. h3 Nh6 29. Bc5 h4 30. Bxb6 Bxb6 31. Rc8 Rxc8 32. Rxc8 Nf5 33. Nxf5 Kxf5 34. Kf1 Ke6 35. Ke2 Ke7 36. Kd2 Rd8 37. Rxd8 Kxd8 38. Nc3 Bc7 39. Nxd5 Bd6 40. Nf6 Bb4+ 41. Ke2 Kc7 42. Nxe4 Be7 43. Kd3 Kc6 44. Kc4 f5 45. Nc3 b6 46. e4 f4 47. e5 f3 48. d5+ Kd7 49. gxf3 Bc5 50. Ne4 Be7 51. Kb5 Bd8 52. Nf6+ Bxf6 53. exf6 Kd6 54. Kxb6 Kd7 55. Kxa5 Ke8 56. Kb6 Kf7 57. d6 Kxf6 58. Kc7 1-0

[Event "GER Cup Net V1 U1600"]
[Site "Playchess.com INT"]
[Date "2020.05.19"]
[Round "2"]
[White "Heutling, Thomas"]
[Black "Schneider, Martin3"]
[Result "0-1"]
[WhiteElo "1446"]
[BlackElo "1620"]
[PlyCount "49"]
[EventDate "2020.05.19"]
[EventType "swiss (blitz)"]
[EventRounds "9"]
[EventCountry "GER"]
[SourceTitle "EXT 2021"]
[Source "ChessBase"]
[SourceDate "2020.10.23"]
[SourceVersion "1"]
[SourceVersionDate "2020.10.23"]
[SourceQuality "1"]

1. c4 Nf6 2. Nc3 c6 3. Nf3 d5 4. cxd5 cxd5 5. d4 e6 6. Ne5 Nc6 7. Nf3 Be7 8. e3 0-0 9. Bd3 a6 10. 0-0 b5 11. a3 b4 12. axb4 Nxb4 13. Ne5 Nxd3 14. Qxd3 a5 15. f4 Ba6 16. Nc6 Qd7 17. Nxe7+ Qxe7 18. Nb5 Qb7 19. Rxa5 Rfb8 20. Rxa6 Rxa6 21. Nc7 Rc6 22. Qxh7+ Nxh7 23. f5 Rxc7 24. fxe6 fxe6 25. Rf8+ 0-1

[Event "GER-ch Net Amateur Gr-C Vor2"]
[Site "Playchess.com INT"]
[Date "2020.04.15"]
[Round "9"]
[White "Heutling, Thomas"]
[Black "Radeke, Rico"]
[Result "0-1"]
[WhiteElo "1559"]
[BlackElo "1451"]
[PlyCount "64"]
[EventDate "2020.04.15"]
[EventType "swiss (blitz)"]
[EventRounds "9"]
[EventCountry "GER"]
[SourceTitle "CBM 196 Extra"]
[Source "ChessBase"]
[SourceDate "2020.07.31"]
[SourceVersion "1"]
[SourceVersionDate "2020.07.31"]
[SourceQuality "1"]

1. Nf3 c5 2. g3 Nc6 3. Bg2 d6 4. d3 Nf6 5. Nbd2 g6 6. 0-0 Bg7 7. e4 0-0 8. Re1 Be6 9. e5 dxe5 10. Nxe5 Nxe5 11. Rxe5 Nd7 12. Re1 Rb8 13. Nc4 b6 14. Bf4 Rb7 15. Bxb7 Re8 16. Bc6 Bh3 17. Re3 h5 18. Qd2 Bd4 19. Re4 Nf6 20. Bxe8 Nxe4 21. dxe4 Qxe8 22. Bh6 Qc6 23. Qf4 Qb5 24. Qb8+ Kh7 25. b3 Qb4 26. Rd1 Qc3 27. Qf8 Bxf2+ 28. Kxf2 Qxc2+ 29. Ke1 Qxe4+ 30. Kd2 Qd4+ 31. Kc1 Qc3+ 32. Kb1 Bf5+ 0-1

[Event "GER-ch Net Amateur Gr-C Vor1"]
[Site "Playchess.com INT"]
[Date "2020.04.14"]
[Round "4"]
[White "Heutling, Thomas"]
[Black "Mueller, Cosima"]
[Result "1-0"]
[WhiteElo "1657"]
[BlackElo "1451"]
[PlyCount "77"]
[EventDate "2020.04.14"]
[EventType "swiss (blitz)"]
[EventRounds "9"]
[EventCountry "GER"]
[SourceTitle "CBM 196 Extra"]
[Source "ChessBase"]
[SourceDate "2020.07.31"]
[SourceVersion "1"]
[SourceVersionDate "2020.07.31"]
[SourceQuality "1"]

1. Nf3 d5 2. g3 Nc6 3. Bg2 e5 4. 0-0 Nf6 5. d3 Be6 6. Nbd2 Qd7 7. e4 Bc5 8. Re1 0-0 9. Nf1 Rad8 10. Bg5 Be7 11. h4 dxe4 12. dxe4 Nxe4 13. Bxe7 Nxe7 14. Qxd7 Rxd7 15. Nxe5 Rd6 16. Bxe4 Nc6 17. Nxc6 bxc6 18. Rad1 Rxd1 19. Rxd1 Bxa2 20. Bxc6 Bc4 21. Ne3 Be2 22. Rd7 Ba6 23. Rxc7 Rd8 24. Bd5 Rf8 25. Rxa7 Be2 26. Ra8 Rxa8 27. Bxa8 Bg4 28. Nxg4 f5 29. Ne5 h6 30. Bd5+ Kh7 31. c3 g5 32. b4 gxh4 33. gxh4 f4 34. b5 h5 35. b6 Kh6 36. b7 Kg7 37. b8Q Kf6 38. Qd6+ Kf5 39. Qe6# 1-0